| 000 | 00627nam a22001815i 4500 | ||
|---|---|---|---|
| 001 | 161492 | ||
| 003 | ES-MaACL | ||
| 005 | 20230906212310.0 | ||
| 008 | 941222s1852 fr |||| | fre d | ||
| 040 |
_aCAT _bspa _cCAT _dCCPB |
||
| 080 | _a252 | ||
| 100 | 1 |
_aPassaglia, Carlo ( _d1812-1887) _9130881 |
|
| 245 | 1 | 0 |
_aConférences prononcées dans l'église du Gesù à Rome pendant le Carême de 1851 / _cpar le R.P. Ch. Passaglia ; traduites de l'italien par l'abbé A. M***. |
| 260 |
_aParis : _bGaume frères, _c1852. |
||
| 300 |
_a226 p. ; _c18 cm. |
||
| 852 |
_aES-MaACL _jG-10535 _z-- Enc. hol. |
||
| 999 |
_c161492 _d161492 |
||